Modular gravity retaining walls: design guidance (Record no. 100535)

MARC details
000 -LEADER
fixed length control field 00923cam a2200241 4500
008 - FIXED-LENGTH DATA ELEMENTS--GENERAL INFORMATION
fixed length control field 000000n2000 000 0 eng u
020 ## - INTERNATIONAL STANDARD BOOK NUMBER
International Standard Book Number 0860175162
035 ## - SYSTEM CONTROL NUMBER
System control number (Sirsi) u106177
041 ## - LANGUAGE CODE
Language code of text/sound track or separate title ENG
050 ## - LIBRARY OF CONGRESS CALL NUMBER
Classification number 624.16
100 ## - MAIN ENTRY--PERSONAL NAME
Personal name Chapman, T
110 ## - MAIN ENTRY--CORPORATE NAME
Corporate name or jurisdiction name as entry element Construction Industry Research and Information Association
9 (RLIN) 4810
245 ## - TITLE STATEMENT
Title Modular gravity retaining walls: design guidance
260 ## - PUBLICATION, DISTRIBUTION, ETC.
Place of publication, distribution, etc. London
Name of publisher, distributor, etc. CIRIA
Date of publication, distribution, etc. 2000
300 ## - PHYSICAL DESCRIPTION
Extent 201p. ; 30cm
490 ## - SERIES STATEMENT
Series statement CIRIA
Volume/sequential designation C516
520 ## - SUMMARY, ETC.
Summary, etc. Sets out good practice in the planning, selection design, installation, and maintenance of low-height modular retaining walls. The report accords with design to Eurocode 7 pt 1 and to BS8002: 1994, and is also consistent with design to Highways Agency Standards.
650 ## - SUBJECT ADDED ENTRY--TOPICAL TERM
Topical term or geographic name entry element GRAVITY WALLS
650 ## - SUBJECT ADDED ENTRY--TOPICAL TERM
Topical term or geographic name entry element BS 8002
650 ## - SUBJECT ADDED ENTRY--TOPICAL TERM
Topical term or geographic name entry element MODULAR RETAINING WALLS
690 ## - LOCAL SUBJECT ADDED ENTRY--TOPICAL TERM (OCLC, RLIN)
Topical term or geographic name as entry element BUILT ENVIRONMENT-CONSTRUCTION DESIGN
942 ## - ADDED ENTRY ELEMENTS (KOHA)
Suppress in OPAC 0
Holdings
Withdrawn status Lost status Source of classification or shelving scheme Damaged status Not for loan Home library Current library Shelving location Date acquired Total Checkouts Full call number Barcode Date last seen Date last checked out Copy number Price effective from Koha item type
    Dewey Decimal Classification     London London Folio 31/05/2000 1 F624.16 CHA 30061392 06/08/2019 29/11/2005 1 06/08/2019 Book